Learning to teach
保存先:
| 第一著者: | |
|---|---|
| フォーマット: | 図書 |
| 言語: | Undetermined |
| 出版事項: |
Boston
McGraw- Hill
2004
|
| 主題: | |
| タグ: |
タグ追加
タグなし, このレコードへの初めてのタグを付けませんか!
|
| Thư viện lưu trữ: | Trung tâm Học liệu Trường Đại học Cần Thơ |
|---|
| LEADER | 00523nam a2200205Ia 4500 | ||
|---|---|---|---|
| 001 | CTU_84282 | ||
| 008 | 210402s9999 xx 000 0 und d | ||
| 020 | |c 492000 | ||
| 082 | |a 371.102 | ||
| 082 | |b A681 | ||
| 100 | |a Arends, Richard | ||
| 245 | 0 | |a Learning to teach | |
| 245 | 0 | |c Richard I. Arends | |
| 260 | |a Boston | ||
| 260 | |b McGraw- Hill | ||
| 260 | |c 2004 | ||
| 650 | |a Teaching,Effective teaching | ||
| 904 | |i Tuyến | ||
| 910 | |a Huỳnh Mai | ||
| 980 | |a Trung tâm Học liệu Trường Đại học Cần Thơ | ||